| 000 | 01150nam0a2200301 4500 | ||
|---|---|---|---|
| 001 | RU\NLR\ONL1\10764 | ||
| 005 | 20250806203016.0 | ||
| 035 | _a(NLR Aleph) 009639512 | ||
| 090 |
_a44421 _c44421 |
||
| 100 | _a20070203d1941 u y0rusy50 ca | ||
| 101 | 0 | _audm | |
| 102 | _aRU | ||
| 105 | _ay ||||||||| | ||
| 200 | 1 |
_aПограничникъёс отечественной война дыръя _fИ. Прокофьев _gСССР-ысь НКВД-лэн войскоосызлэн полит. пропаганда упр. |
|
| 210 |
_aИжевск _cУдмуртгосиздат _d1941 |
||
| 215 |
_a24,[2] с. _d14 |
||
| 541 | 1 |
_aПограничники в Отечественной войне _zrus |
|
| 606 | 0 |
_aПограничные войска _yСССР _xИстория _2nlr-sh2 _2nlr-sh1 _3RU\NLR\auth\66118071 |
|
| 686 | 1 | _aЦ68-1 | |
| 700 | 1 |
_aПрокофьев _bИ. _4070 |
|
| 801 | 0 |
_aRU _bNLR _c20070203 _gPSBO |
|
| 852 |
_aNLR _bОНЛ _jУдмур./1-177 |
||
| 942 | _cBOOK | ||
| 945 | _aРоссийская национальная библиотека | ||
| 980 | _aNB | ||
| 980 | _aBV | ||